| 000 | 00457nam a22001697a 4500 | ||
|---|---|---|---|
| 003 | OSt | ||
| 005 | 20170105103443.0 | ||
| 008 | 120507t xxu||||| |||| 00| 0 eng d | ||
| 020 | _a8181891546 | ||
| 040 | _cASAB | ||
| 100 |
_aSuaksha Agarwal , Sita Naik _9256 |
||
| 245 |
_aFundamentals of Immunogenetics principles & Practices _c _bSuaksha Agarwal ,Sita Naik |
||
| 260 |
_aIndia _bIBDC |
||
| 300 | _a281 | ||
| 650 |
_aImmunogenetics _9257 |
||
| 942 |
_2lcc _cBK |
||
| 999 |
_c16531 _d16531 |
||